La Constitution Européenne à référendum: Espagne et France 2005 /
में बचाया:
| मुख्य लेखक: | |
|---|---|
| अन्य लेखक: | , , , , , |
| स्वरूप: | मूलपाठ |
| प्रकाशित: |
Barcelona:
ICPS. Institut de Ciènces Polítiques i Socials
|
| टैग: |
टैग जोड़ें
कोई टैग नहीं, इस रिकॉर्ड को टैग करने वाले पहले व्यक्ति बनें!
|
MARC
| LEADER | 00000 a a2200000 04500 | ||
|---|---|---|---|
| 001 | 36617 | ||
| 003 | |||
| 040 | |||
| 020 | |a 84-608-0468-2 | ||
| 090 | |a 0001 M314c | ||
| 100 | |a Marcet, Joan | ||
| 245 | |a La Constitution Européenne à référendum: Espagne et France 2005 / |c Joan Marcet | ||
| 260 | |a Barcelona: |b ICPS. Institut de Ciènces Polítiques i Socials | ||
| 300 | |a 128 p. |b map. | ||
| 700 | |a Dupoirier, Elisabeth | ||
| 700 | |a Maestro, Jesús | ||
| 700 | |a Medina, Lucía | ||
| 700 | |a Muxel, Anne | ||
| 700 | |a Perrineau, Pascal | ||
| 700 | |a Sauger, Nicolas | ||
| 999 | |c 16022 |d 16022 | ||



